Genewa - quiz wielokrotnego wyboru - Statystyki

Ogólne statystyki
  • Ten quiz został rozwiązany 469 razy
    466 od ostatniego zresetowania
  • Średni wynik to 7 z 10
Statystyki odpowiedzi
Zagadnienie Odpowiedź % Poprawnych
Z jakiego produktu słynie Genewa? Zegarki
92%
Co dzieje się w CERN na przedmieściach Genewy? Eksperymenty z fizyki wysokich energii
81%
Jaki jest główny język używany w Genewie? Francuski
77%
Co zrobiły Konwencje Genewskie? Utworzyły zasady chroniące żołnierzy na wojnie
72%
Który reformator religijny działał w Genewie w XVI wieku? Jan Kalwin
66%
Która z tych organizacji ma siedzibę w Genewie? Czerwony Krzyż
61%
Jaka rzeka wypływa z Jeziora Genewskiego i przepływa przez miasto? Rodan
58%
Który filozof, urodzony w Genewie w 1712 roku, napisał Umowę społeczną? Jean-Jacques Rousseau
56%
Która powieść narodziła się w Genewie podczas konkursu opowieści o duchach w 1816 roku? Frankenstein
48%
Jaka jest inna nazwa dla jeziora Genewskiego? Jezioro Leman
39%
Nie znaleziono quizów pasujących do podanych kryteriów
Rozkład punktacji
Procent ludzi z każdym wynikiem
Percentyl według liczby udzielonych odpowiedzi
Twoja historia wyników
Nie rozwiązałeś tego quizu od ostatniego zresetowania